| 000 | 00911nam a2200253 i 4500 | ||
|---|---|---|---|
| 001 | 124330 | ||
| 003 | ES-MaACL | ||
| 005 | 20250911062837.0 | ||
| 007 | t| | ||
| 008 | 070530s2005 sp ||||1| spa d | ||
| 080 | _a821.134.2(899) Benedetti, Mario 1.06(082.2) | ||
| 080 | _a929 Benedetti, Mario (082.2) | ||
| 100 | 1 |
_aGarcía Montero, Luis, _d1958- _954978 |
|
| 245 | 1 | 0 |
_aPalabras laudatorias dedicadas a Mario Benedetti / _cLuis García Montero. |
| 260 |
_aMadrid : _bVisor Libros, _c2005. |
||
| 300 |
_a45 p. ; _c14 cm. |
||
| 490 | 1 | _aColección Visor de poesía | |
| 505 | 8 | _aContiene: Poemas pertenecientes al libro Adioses y bienvenidas de Mario Benedetti | |
| 600 | 1 | 4 |
_aBenedetti, Mario, _d1920-2009- _vHomenajes _927493 |
| 600 | 1 | 4 |
_aBenedetti, Mario, _d1920-2009 _927492 |
| 830 | 0 |
_aColección Visor de poesía _9177331 |
|
| 852 |
_aES-MaACL _j2231-F-2 _bR.137105 |
||
| 999 |
_c124330 _d124330 |
||